000
00281nam a22001337a 4500
003
SGT
020
_a
97815-43344-09-7
100
_a
MALVIYA, KIRTI
245
_a
INDUSTRIAL PHARMACY
250
_a
1st
260
_a
S, VIKASH
_b
PUNJAB
_c
2020
650
_a
PHARMACY
942
_2
ddc
_c
BK
999
_c
24716
_d
24716